000 00408nam a2200169Ia 4500
008 210716s2004 xx 000 0 und d
020 _a8178810492
041 _aeng
082 _a658.152 SATD
100 _aSatish, D.
245 _aCorporate finance.
260 _aIndia
_bICFAI University Press
_c2004
300 _aviii,200,A15
440 _vI
650 _aCorporate Finance
700 _aSatish, D.
999 _c202305
_d202305